[Event "Montigny le Bretonneux op 25th"]
[Site "Montigny le Bretonneux"]
[Date "2023.05.21"]
[Round "7"]
[White "Privat, Jean Claude"]
[Black "Bozier, Teodor"]
[Result "1-0"]
[WhiteElo "1465"]
[BlackElo "1213"]
[PlyCount "101"]
[EventDate "2023.05.18"]
[EventType "swiss"]
[EventRounds "9"]
[EventCountry "FRA"]
[SourceTitle "CBM 214 Extra"]
[Source "ChessBase"]
[SourceDate "2023.07.31"]
[SourceVersion "1"]
[SourceVersionDate "2023.07.31"]
[SourceQuality "1"]

1. d4 d5 2. c4 c6 3. Nf3 Nf6 4. Nc3 e6 5. cxd5 cxd5 6. Bg5 h6 7. Bh4 Be7 8. e3 0-0 9. Bd3 Nc6 10. Rc1 a6 11. 0-0 Bd7 12. Re1 Rc8 13. Bxf6 Bxf6 14. Bb1 Ne7 15. e4 Ng6 16. exd5 exd5 17. Nxd5 Rxc1 18. Nxf6+ Qxf6 19. Qxc1 Bg4 20. Ne5 Nxe5 21. dxe5 Qe7 22. Qc2 g6 23. Qe4 Bf5 24. Qe3 Bxb1 25. Rxb1 Re8 26. Re1 h5 27. h3 Qe6 28. b3 Re7 29. Qc3 Qb6 30. Rc1 Kh7 31. Qc5 Qe6 32. Qd6 Kg7 33. Qxe6 Rxe6 34. Rc7 Rxe5 35. Rxb7 Re2 36. a4 Rb2 37. a5 Kf6 38. h4 Ke6 39. g3 f6 40. Kg2 Kf5 41. Kf3 g5 42. hxg5 fxg5 43. Kg2 g4 44. Rb6 Ke5 45. Rxa6 Rxb3 46. Rh6 Kd5 47. Rxh5+ Kc6 48. Rf5 Kb7 49. Rf4 Rb5 50. Rxg4 Rxa5 51. Rc4 1-0

[Event "Montigny le Bretonneux op 25th"]
[Site "Montigny le Bretonneux"]
[Date "2023.05.20"]
[Round "4"]
[White "Bozier, Teodor"]
[Black "Moulun, Raphael"]
[Result "1-0"]
[WhiteElo "1213"]
[BlackElo "1355"]
[PlyCount "75"]
[EventDate "2023.05.18"]
[EventType "swiss"]
[EventRounds "9"]
[EventCountry "FRA"]
[SourceTitle "CBM 214 Extra"]
[Source "ChessBase"]
[SourceDate "2023.07.31"]
[SourceVersion "1"]
[SourceVersionDate "2023.07.31"]
[SourceQuality "1"]

1. e4 e5 2. Nf3 Nf6 3. Nxe5 d6 4. Nf3 Nxe4 5. Nc3 Nxc3 6. bxc3 Be7 7. d4 0-0 8. h3 Re8 9. Be2 Nd7 10. 0-0 Nf6 11. Bd3 Be6 12. Re1 c6 13. Bf4 Qd7 14. c4 Nh5 15. Bg5 g6 16. Bxe7 Rxe7 17. Ng5 Rae8 18. Qd2 Kg7 19. Re3 Nf4 20. Rf3 Nxd3 21. Rxd3 Bf5 22. Re3 f6 23. Nf3 Rxe3 24. fxe3 Be4 25. Rf1 Qe6 26. Qc3 d5 27. cxd5 cxd5 28. Rf2 Rc8 29. Qb3 Rc7 30. c3 Qa6 31. Nd2 Bd3 32. Qxd5 Qb6 33. Nb3 Bc4 34. Qa5 Qxa5 35. Nxa5 Bxa2 36. Rxa2 b6 37. Nb3 a5 38. Rc2 1-0